Statistics for Spanish Verbs

Click here to take the quiz!

General Stats

  • This quiz has been taken 27,763 times
  • The average score is 21 of 27

Answer Stats

Español English % Correct
escribir write
97%
hablartalk
95%
dormirsleep
94%
comereat
94%
beberdrink
92%
vivirlive
90%
trabajarwork
89%
bailardance
86%
cantarsing
86%
irgo
85%
jugarplay
82%
vendersell
81%
fumarsmoke
80%
correrrun
80%
comprarbuy
78%
escucharlisten
77%
quererwant
77%
pensarthink
76%
versee
76%
hacerdo
74%
nadarswim
71%
viajartravel
68%
pagarpay
63%
contarcount
54%
enseñarteach
52%
volarfly
52%
gastarspend
32%

Score Distribution

Percentile by Number Answered

Percent of People with Each Score

Your Score History

You have not taken this quiz